000 00856nam a2200229Ia 4500
005 20220218101848.0
008 210716s2009 xx 000 0 und d
020 _a978070611900
040 _cAIMIT LIBRARY
041 _aeng
082 _a658.81
_21
_bHAVK
100 _aHavaldar, Krishna K.
_920736
245 _aSales and distribution management :
_btext and cases /
_cBy Krishna K Havaldar and Vasant M Cavale.
250 _a1st ed.
260 _aNew Delhi :
_bTata McGraw Hill Publishing Company Ltd ,
_c2009.
300 _aXx, 16.15p. ; I.18 ;
_c24 cm.
650 _aTraining motivating compensating and leading the salesforce
_920737
650 _aManagement of sales territories and quotas
_920738
650 _aMarket logistics and supply chain management
_920739
700 _aCavale, Vasant M.
_920740
942 _2ddc
_cBK
_e1st
_k658.81 HAVK
999 _c202135
_d202135